000
00251nam a2200109Ia 4500
008
190216s9999||||xx |||||||||||||| ||und||
100
_a
Thomas C J
245
0
_a
Uyarunna Yavanika
260
_b
Nbs Kottayam
650
_a
Malayalam Nadakam
942
_c
BK
999
_c
26129
_d
26129